000 00619nam a2200229 a 4500
999 _c5855
_d5855
001 5855
003 BD-JhCC
005 20180102171919.0
008 171217s1993 bg ||||| ||a| 00| 0 mul d
020 _a9840750763
035 _a(BD-JhCC)5855
040 _aBD-JhCC
_dBD-JhCC
041 _amul
082 _a423.1
_bENG 1993
245 _aBangla Academy :
_bEnglish-Bengali Dictionary /
_cedited by Zillur Rahman Siddiqui
260 _aDhaka :
_bBangla Academy,
_c1993.
300 _a915 p. :
_c22 cm.
650 _aDictionaries, English
700 _aSiddiqui, Zillur Rahman
942 _2ddc
_cBK